[Event "Chinese Championship"]
[Site "Xinghua CHN"]
[Date "2014.03.21"]
[EventDate "2014.03.11"]
[Round "10"]
[Result "1/2-1/2"]
[White "Ding Liren"]
[Black "Liu Qingnan"]
[WhiteElo "2717"]
[BlackElo "2501"]
[PlyCount "96"]

1. d4 c5 2. d5 e5 3. e4 d6 4. Nc3 Be7 5. Nf3 Bg4 6. h3 Bxf3
7. Qxf3 Bg5 8. Bxg5 Qxg5 9. h4 Qd8 10. Nd1 Ne7 11. Ne3 O-O
12. O-O-O Nd7 13. Kb1 a6 14. g3 b5 15. Bh3 c4 16. h5 h6
17. Bxd7 Qxd7 18. g4 f6 19. Nf5 b4 20. Qe3 c3 21. b3 a5 22. a4
bxa3 23. Ka2 Rfc8 24. Nxh6+ gxh6 25. Qxh6 a4 26. b4 Kf7
27. Qh7+ Ke8 28. Qh8+ Kf7 29. Qh7+ Ke8 30. Kxa3 Qb5 31. Qh8+
Kf7 32. Qh7+ Ke8 33. Qh8+ Kd7 34. Qxf6 Rc4 35. Rb1 Rb8
36. Qe6+ Ke8 37. Qf6 Rb6 38. h6 Rxb4 39. h7 Rb3+ 40. Rxb3 Qc5+
41. Ka2 axb3+ 42. Kb1 bxc2+ 43. Kxc2 Rb2+ 44. Kc1 Rb1+
45. Kxb1 Qb4+ 46. Kc2 Qxe4+ 47. Kb3 Qxd5+ 48. Kxc3 Qd4+
1/2-1/2

[Event "Chinese Championship"]
[Site "Xinghua CHN"]
[Date "2014.03.21"]
[EventDate "2014.03.11"]
[Round "10"]
[Result "1/2-1/2"]
[White "Wei Yi"]
[Black "Ding Liren"]
[WhiteElo "2625"]
[BlackElo "2717"]
[PlyCount "85"]

1. e4 c6 2. d4 d5 3. Nd2 dxe4 4. Nxe4 Nd7 5. Nf3 Ngf6 6. Nxf6+
Nxf6 7. c3 Bg4 8. h3 Bxf3 9. Qxf3 Qd5 10. Be2 Qxf3 11. Bxf3 e6
12. O-O Be7 13. Bg5 Nd5 14. Bxe7 Kxe7 15. a4 a5 16. Rfe1 Ra6
17. Rad1 Rd8 18. Be2 Raa8 19. g3 Rab8 20. Ra1 b6 21. Red1 g5
22. Kf1 Rh8 23. Bf3 Kd6 24. Re1 h5 25. Re5 g4 26. hxg4 hxg4
27. Bg2 f6 28. Re2 f5 29. Rae1 Rh6 30. Re5 Rf6 31. c4 Nb4
32. c5+ Kd7 33. cxb6 Nd3 34. Rd1 Nxb2 35. Rc1 Nd3 36. Rxc6
Nxe5 37. dxe5 Rff8 38. b7 f4 39. Rd6+ Kc7 40. gxf4 Rxf4
41. Rc6+ Kd7 42. Rd6+ Kc7 43. Rc6+ 1/2-1/2

[Event "Chinese Championship"]
[Site "Xinghua CHN"]
[Date "2014.03.22"]
[EventDate "2014.03.11"]
[Round "11"]
[Result "1-0"]
[White "Ding Liren"]
[Black "Lin Chen"]
[WhiteElo "2717"]
[BlackElo "2475"]
[PlyCount "91"]

1. c4 c6 2. Nf3 d5 3. d4 Nf6 4. e3 a6 5. Nc3 b5 6. b3 Bg4
7. Be2 e6 8. h3 Bf5 9. g4 Bg6 10. Ne5 Bb4 11. Bd2 Bxc3
12. Bxc3 Ne4 13. Rc1 Nxc3 14. Rxc3 f6 15. Nxg6 hxg6 16. cxd5
exd5 17. h4 f5 18. Qc2 Qf6 19. Bd3 Ra7 20. gxf5 Re7 21. fxg6
b4 22. Rc5 Qxd4 23. Rxc6 O-O 24. Rc8 Nd7 25. Rh3 Ree8 26. Rxe8
Rxe8 27. Be2 Qe5 28. Rf3 Nf6 29. Rf5 Qe6 30. Bf3 d4 31. Be2
Kh8 32. exd4 Rd8 33. Qc7 Qxf5 34. Qxd8+ Ng8 35. Qe8 Qb1+
36. Bd1 Qxa2 37. h5 Qb2 38. Qe3 a5 39. d5 Qf6 40. f4 Qd8
41. Qe5 Qh4+ 42. Kd2 Qf2+ 43. Be2 a4 44. d6 a3 45. d7 a2
46. d8=Q 1-0

[Event "5th Danzhou Tournament"]
[Site "Danzhou CHN"]
[Date "2014.06.25"]
[EventDate "2014.06.25"]
[Round "1.1"]
[Result "1-0"]
[White "Ding Liren"]
[Black "Zhao Jun"]
[WhiteElo "2714"]
[BlackElo "2603"]
[PlyCount "73"]

1. Nf3 Nf6 2. c4 g6 3. Nc3 Bg7 4. e4 d6 5. d4 Bg4 6. Be2 O-O
7. O-O Nfd7 8. Be3 Nc6 9. d5 Bxf3 10. Bxf3 Na5 11. Be2 Bxc3
12. bxc3 e5 13. dxe6 fxe6 14. c5 Nxc5 15. e5 b6 16. Bg4 Nab7
17. exd6 cxd6 18. Qd2 Qf6 19. Bg5 Qf7 20. Bh6 Rfe8 21. c4 Ne4
22. Qd4 Nf6 23. Bf3 e5 24. Qh4 e4 25. Be2 Nc5 26. f4 e3 27. f5
Nce4 28. fxg6 Qxg6 29. Bxe3 Re7 30. Bd4 Rf8 31. Rae1 Rg7
32. g3 Qg5 33. Qxg5 Rxg5 34. Rf4 Rg7 35. Bf3 Ng5 36. Bg2 Rg6
37. h4 1-0

[Event "5th Danzhou Tournament"]
[Site "Danzhou CHN"]
[Date "2014.06.26"]
[EventDate "2014.06.25"]
[Round "2.5"]
[Result "1/2-1/2"]
[White "Ding Liren"]
[Black "Arkadij Naiditsch"]
[WhiteElo "2714"]
[BlackElo "2705"]
[PlyCount "188"]

1. c4 e6 2. Nc3 d5 3. d4 Nf6 4. Bg5 Be7 5. e3 Nbd7 6. Nf3 h6
7. Bh4 dxc4 8. Bxc4 a6 9. a4 c5 10. O-O cxd4 11. Nxd4 Ne5
12. Be2 Bd7 13. Qb3 O-O 14. a5 Nc6 15. Qxb7 Nxa5 16. Rxa5 Qxa5
17. Bxf6 Bxf6 18. Qxd7 Qb4 19. Rb1 Rad8 20. Qa4 Qxa4 21. Nxa4
Bxd4 22. exd4 Rxd4 23. b3 a5 24. Rc1 Rd2 25. Kf1 Rfd8 26. h4
Ra2 27. Nc3 Rb2 28. Bc4 Rdd2 29. Nd1 Rdc2 30. Ra1 Ra2 31. Rxa2
Rxa2 32. Bb5 Rc2 33. Ne3 Rc5 34. Bc4 Kf8 35. Ke2 g5 36. h5 g4
37. g3 Ke7 38. Kd3 f5 39. Kd4 Rc8 40. Bd3 Kf6 41. Nc4 e5+
42. Ke3 Rc5 43. Ke2 Kg5 44. Nd6 Rc3 45. Bxf5 Rxb3 46. Bg6 Kf6
47. Ne4+ Ke7 48. Nd2 Rb2 49. Kd3 a4 50. Kc3 a3 51. Bc2 Rb8
52. Bb3 Kf6 53. Ne4+ Ke7 54. Nd2 Rc8+ 55. Nc4 e4 56. Kd4 Rf8
57. Kxe4 Rxf2 58. Nxa3 Rf3 59. Bd1 Rxa3 60. Kf4 Kf6 61. Kxg4
Ke5 62. Bf3 Ra2 63. Bc6 Rc2 64. Bb7 Rh2 65. Bc6 Rf2 66. Bf3
Rf1 67. Be2 Rf8 68. Kh3 Ke4 69. Kg2 Ke3 70. Bg4 Rf2+ 71. Kg1
Rb2 72. Kf1 Rb4 73. Bf5 Kf3 74. g4 Rd4 75. Kg1 Rd2 76. Be6 Rf2
77. Bf5 Kg3 78. Bg6 Rf3 79. g5 hxg5 80. h6 Ra3 81. Kf1 Ra1+
82. Ke2 g4 83. h7 Rh1 84. Ke3 Rh6 85. Bf5 Rh2 86. Be4 Rh5
87. Bg6 Rh6 88. Bf5 Kh4 89. Kf4 g3 90. Kf3 Rh5 91. Bg6 Rxh7
92. Bxh7 Kh3 93. Be4 Kh2 94. Kg4 g2 1/2-1/2

[Event "5th Danzhou Tournament"]
[Site "Danzhou CHN"]
[Date "2014.06.27"]
[EventDate "2014.06.25"]
[Round "3.2"]
[Result "1/2-1/2"]
[White "Bu Xiangzhi"]
[Black "Ding Liren"]
[WhiteElo "2693"]
[BlackElo "2714"]
[PlyCount "120"]

1. Nf3 Nf6 2. c4 g6 3. g3 Bg7 4. Bg2 O-O 5. O-O Nc6 6. d4 d6
7. Nc3 a6 8. Bf4 Rb8 9. Rc1 Bd7 10. a3 b5 11. cxb5 axb5 12. b4
Re8 13. d5 Na7 14. e4 Ng4 15. Qe2 Ne5 16. Rfd1 Bg4 17. h3 Bxf3
18. Bxf3 c5 19. dxc6 Naxc6 20. Bg2 Qb6 21. Be3 Qb7 22. Bf1 Nc4
23. Nxb5 Nxe3 24. Qxe3 Rec8 25. Rc2 h5 26. Rdc1 Qd7 27. Kg2
Bf6 28. Qd2 h4 29. Be2 Nd8 30. Rc7 Rxc7 31. Rxc7 Qe8 32. a4
Ne6 33. Rc4 hxg3 34. fxg3 Be5 35. Bg4 Nf8 36. Qc2 e6 37. Na7
d5 38. exd5 exd5 39. Rc8 Rxc8 40. Nxc8 Bb8 41. a5 Qe1 42. Qf2
Qxb4 43. a6 d4 44. h4 Qa3 45. h5 gxh5 46. Bxh5 Ng6 47. Qf3
Qxa6 48. Bxg6 fxg6 49. Qd5+ Kh7 50. Qd7+ Kh6 51. Qh3+ Kg5
52. Qh4+ Kf5 53. Ne7+ Ke6 54. Qe4+ Kd7 55. Nxg6 Qa2+ 56. Kf3
Qb3+ 57. Ke2 Qb2+ 58. Kd1 Qb3+ 59. Ke2 Qb2+ 60. Kd1 Qb3+
1/2-1/2

[Event "5th Danzhou Tournament"]
[Site "Danzhou CHN"]
[Date "2014.06.28"]
[EventDate "2014.06.25"]
[Round "4.4"]
[Result "1/2-1/2"]
[White "Ding Liren"]
[Black "Wei Yi"]
[WhiteElo "2714"]
[BlackElo "2634"]
[PlyCount "70"]

1. d4 Nf6 2. c4 e6 3. Nf3 d5 4. Nc3 c5 5. cxd5 cxd4 6. Qxd4
exd5 7. e4 Nc6 8. Bb5 dxe4 9. Qxd8+ Kxd8 10. Ng5 Be6 11. Nxe6+
fxe6 12. Bxc6 bxc6 13. Ke2 Bb4 14. Na4 Kc7 15. Be3 Nd5
16. Rac1 Rad8 17. Rc2 Nxe3 18. Kxe3 Rhf8 19. Rhc1 Rd6 20. Ke2
Rf5 21. a3 Ra5 22. axb4 Rxa4 23. b5 Rb4 24. Rxc6+ Rxc6
25. Rxc6+ Kd8 26. Ra6 Rxb2+ 27. Ke3 Rxb5 28. Rxa7 Rg5 29. g3
Ke8 30. Kxe4 Kf8 31. h4 Rb5 32. Rc7 Rd5 33. Ra7 Rb5 34. Rc7
Rd5 35. Ra7 Rb5 1/2-1/2

[Event "5th Danzhou Tournament"]
[Site "Danzhou CHN"]
[Date "2014.06.30"]
[EventDate "2014.06.25"]
[Round "5"]
[Result "1-0"]
[White "Ding Liren"]
[Black "Zhou Weiqi"]
[WhiteElo "2714"]
[BlackElo "2601"]
[PlyCount "71"]

1. d4 Nf6 2. c4 e6 3. Nf3 d5 4. g3 Bb4+ 5. Bd2 Bxd2+ 6. Nbxd2
O-O 7. Bg2 Nbd7 8. O-O c5 9. Rc1 b6 10. cxd5 Nxd5 11. Ne4 Qe7
12. Ne5 Nxe5 13. dxe5 f6 14. exf6 gxf6 15. Nc3 Nxc3 16. Rxc3
Bb7 17. Bxb7 Qxb7 18. Rd3 Qe4 19. Qd2 Rae8 20. Rd1 Re7 21. b3
Kg7 22. a4 e5 23. Rc1 Rff7 24. Rd6 Qf5 25. Rd1 Rc7 26. Qd5 c4
27. e4 Qf3 28. bxc4 Qb3 29. Qe6 h5 30. Qf5 Qxc4 31. Qxh5 Qxe4
32. Rd8 Qxa4 33. g4 Rf8 34. g5 fxg5 35. Rxf8 Kxf8 36. Rd8+ 1-0

[Event "5th Danzhou Tournament"]
[Site "Danzhou CHN"]
[Date "2014.06.30"]
[EventDate "2014.06.25"]
[Round "5"]
[Result "1/2-1/2"]
[White "Ruslan Ponomariov"]
[Black "Ding Liren"]
[WhiteElo "2723"]
[BlackElo "2714"]
[PlyCount "51"]

1. d4 Nf6 2. c4 g6 3. Nc3 Bg7 4. e4 O-O 5. Bg5 d6 6. Qd2 c5
7. d5 e6 8. Nge2 exd5 9. cxd5 b5 10. Nxb5 h6 11. Bxf6 Bxf6
12. Nec3 a6 13. Na3 Nd7 14. Bd3 Ne5 15. O-O Rb8 16. Nc4 Re8
17. Rfe1 Nxc4 18. Bxc4 Bd4 19. Rac1 Qg5 20. Qxg5 hxg5 21. b3
g4 22. g3 Ra8 23. Na4 Rb8 24. Nc3 Ra8 25. Na4 Rb8 26. Nc3
1/2-1/2

[Event "5th Danzhou Tournament"]
[Site "Danzhou CHN"]
[Date "2014.07.02"]
[EventDate "2014.06.25"]
[Round "7"]
[Result "0-1"]
[White "Yu Yangyi"]
[Black "Ding Liren"]
[WhiteElo "2675"]
[BlackElo "2714"]
[PlyCount "237"]

1. e4 c6 2. d4 d5 3. Nd2 dxe4 4. Nxe4 Bf5 5. Ng3 Bg6 6. h4 h6
7. Nf3 e6 8. h5 Bh7 9. Bd3 Bxd3 10. Qxd3 Nf6 11. Bd2 Be7
12. O-O-O O-O 13. Kb1 c5 14. Ne4 Nc6 15. Bc3 Nb4 16. Nxf6+
Bxf6 17. Bxb4 cxb4 18. Qe4 Qb6 19. Ne5 Rad8 20. f4 Rd5 21. Rd2
Rfd8 22. Rhd1 a5 23. g4 a4 24. Rd3 Bxe5 25. fxe5 R8d7 26. Qf4
Qd8 27. Qd2 Rb5 28. Rg1 b3 29. g5 hxg5 30. Rxg5 bxc2+ 31. Kxc2
Kh8 32. Rg4 a3 33. Rxa3 Rxe5 34. Rag3 Rc5+ 35. Kb1 Qf6 36. a3
Rxh5 37. Rxg7 Qxg7 38. Rxg7 Kxg7 39. a4 Rhd5 40. a5 Rxd4
41. Qg5+ Kf8 42. Qf6 R7d5 43. Qh8+ Ke7 44. Qb8 Rb5 45. Qc7+
Kf6 46. Qc3 e5 47. a6 bxa6 48. Qc6+ Kg5 49. Qxa6 Rdb4 50. Qa8
Rxb2+ 51. Kc1 Rb8 52. Qe4 R2b5 53. Qe3+ Kg6 54. Qg3+ Kf6
55. Qh4+ Ke6 56. Qh6+ Ke7 57. Qh4+ Kd7 58. Qf6 Rc5+ 59. Kd2
Rb2+ 60. Kd3 Rb3+ 61. Kd2 Ke8 62. Qd6 Rbc3 63. Qf6 Rc2+
64. Kd1 R2c4 65. Kd2 Rf4 66. Qb6 Rd5+ 67. Ke3 Kf8 68. Qc6 Rfd4
69. Qf6 Rc5 70. Ke2 Rb5 71. Ke3 Rbd5 72. Qh6+ Ke7 73. Qg5+ Ke6
74. Qh6+ Kd7 75. Qf6 Rf4 76. Qb6 Rdd4 77. Qb5+ Kd6 78. Qe8 Rc4
79. Kd3 Rfd4+ 80. Ke3 Rc3+ 81. Ke2 Rc7 82. Ke3 Re7 83. Qc8 Rd7
84. Qe8 Rf4 85. Qb8+ Ke6 86. Qe8+ Re7 87. Qh8 f6 88. Qg8+ Kf5
89. Qc8+ Kg6 90. Qg8+ Rg7 91. Qe8+ Kg5 92. Qd8 Rg6 93. Qe8 Rd4
94. Kf3 Rd3+ 95. Ke4 Rg3 96. Qc8 Rg4+ 97. Kf3 Rf4+ 98. Ke3 f5
99. Qd8+ Kg4 100. Qd1+ Kh4 101. Qh1+ Kg5 102. Qh8 e4 103. Kd4
Rf3 104. Qh2 Rh6 105. Qb2 Re6 106. Kd5 Re7 107. Kd6 Rh7
108. Ke5 Rhh3 109. Qd2+ Kg4 110. Qe2 Rhg3 111. Qh2 e3 112. Qe2
Kh3 113. Kd4 Rf2 114. Qe1 Kg2 115. Kd3 e2+ 116. Kd4 f4
117. Ke4 Re3+ 118. Kf5 Rf1 119. Qd2 0-1

[Event "5th Danzhou Tournament"]
[Site "Danzhou CHN"]
[Date "2014.07.03"]
[EventDate "2014.06.25"]
[Round "8"]
[Result "1/2-1/2"]
[White "Ding Liren"]
[Black "Qun Ma"]
[WhiteElo "2714"]
[BlackElo "2609"]
[PlyCount "101"]

1. d4 d5 2. c4 c6 3. Nf3 Nf6 4. e3 Bf5 5. Nc3 e6 6. Nh4 Bg6
7. Qb3 Qb6 8. Nxg6 hxg6 9. Bd2 Nbd7 10. Qc2 Qc7 11. g3 a6
12. Rc1 Rc8 13. cxd5 cxd5 14. Bd3 Bd6 15. O-O O-O 16. Rfd1 Qb8
17. Qb1 Rc7 18. Ne2 Rfc8 19. Kg2 Rxc1 20. Rxc1 Rxc1 21. Qxc1
Qc7 22. Qxc7 Bxc7 23. f3 Kf8 24. h4 Ke7 25. g4 Ne8 26. b3 Ndf6
27. Nc3 Nd7 28. Na4 Bd6 29. b4 Kd8 30. Nc5 Kc7 31. Be1 Be7
32. e4 dxe4 33. fxe4 Nd6 34. a4 Nb8 35. e5 Nc8 36. d5 Bxc5
37. bxc5 Kd7 38. dxe6+ Kxe6 39. Bc4+ Ke7 40. Kf3 Nd7 41. Kf4
Na7 42. Bc3 Nf8 43. h5 Nc6 44. Bd5 Ne6+ 45. Bxe6 fxe6 46. hxg6
Ke8 47. Kg5 Kf8 48. Kh5 Kg8 49. Kg5 Kf8 50. Kh5 Kg8 51. Kg5
1/2-1/2

[Event "5th Danzhou Tournament"]
[Site "Danzhou CHN"]
[Date "2014.07.03"]
[EventDate "2014.06.25"]
[Round "8"]
[Result "0-1"]
[White "Xiu Deshun"]
[Black "Ding Liren"]
[WhiteElo "2550"]
[BlackElo "2714"]
[PlyCount "118"]

1. d4 d5 2. c4 e6 3. Nf3 Nf6 4. Nc3 c6 5. e3 Nbd7 6. Qc2 Bd6
7. Bd3 dxc4 8. Bxc4 b5 9. Bd3 Bb7 10. O-O a6 11. Ng5 Qc7
12. h3 c5 13. Nge4 Be7 14. Nxf6+ Nxf6 15. dxc5 Qxc5 16. e4 Rc8
17. a3 O-O 18. Qe2 Qe5 19. f4 Qb8 20. e5 Nd5 21. Nxd5 Bxd5
22. Be3 g6 23. a4 Bc4 24. Rfc1 Bxd3 25. Qxd3 Rxc1+ 26. Rxc1
bxa4 27. Qxa6 Qb3 28. Qe2 Rb8 29. Rc2 h5 30. Bc1 Rd8 31. Kh2
Rd3 32. Rd2 Rxd2 33. Qxd2 h4 34. Qf2 Kf8 35. Be3 Ke8 36. Qd2
Bb4 37. Qd4 Be7 38. Bf2 Qc2 39. Be3 Qb3 40. Bf2 Qb4 41. Kg1
Qxd4 42. Bxd4 Kd7 43. Kf2 Kc6 44. Ke3 Bc5 45. Kd3 Bxd4
46. Kxd4 Kb5 47. Kc3 Kc5 48. Kd3 Kb4 49. Kc2 Kc4 50. Kb1 Kd3
51. Ka2 Ke3 52. Ka3 Kf2 53. Kxa4 Kxg2 54. b4 Kxh3 55. b5 Kg4
56. b6 h3 57. b7 h2 58. b8=Q h1=Q 59. Qf8 Qe4+ 0-1

[Event "Chess Olympiad"]
[Site "Tromso NOR"]
[Date "2014.08.02"]
[EventDate "2014.08.02"]
[Round "1.8"]
[Result "0-1"]
[White "Carlos Armando Juarez Flores"]
[Black "Ding Liren"]
[WhiteElo "2425"]
[BlackElo "2742"]
[PlyCount "58"]

1. e4 c5 2. Nf3 e6 3. d4 cxd4 4. Nxd4 Nc6 5. Nc3 a6 6. g3 d6
7. Bg2 Bd7 8. O-O Nf6 9. a4 Be7 10. Nxc6 Bxc6 11. Bf4 Qc7
12. Qd2 O-O 13. Rfd1 Rfd8 14. a5 b5 15. axb6 Qxb6 16. Ra3 a5
17. Rb3 Qa6 18. Qe3 Qc8 19. Nb5 a4 20. Rc3 Qb7 21. Nxd6 Bxd6
22. Rxd6 Rxd6 23. Bxd6 Rd8 24. Qc5 Bxe4 25. Qc7 Qa8 26. Bxe4
Nxe4 27. Rc6 h6 28. c4 Nd2 29. c5 Nf3+ 0-1

[Event "Chess Olympiad"]
[Site "Tromso NOR"]
[Date "2014.08.04"]
[EventDate "2014.08.02"]
[Round "3.11"]
[Result "1-0"]
[White "Ding Liren"]
[Black "Csaba Balogh"]
[WhiteElo "2742"]
[BlackElo "2637"]
[PlyCount "83"]

1. c4 e5 2. g3 Nf6 3. Bg2 c6 4. Nf3 e4 5. Nd4 d5 6. cxd5 Qxd5
7. e3 Qe5 8. f4 exf3 9. Nxf3 Qh5 10. O-O Be7 11. Nc3 O-O
12. d4 Be6 13. e4 Nbd7 14. Qc2 Rad8 15. Ne2 Qb5 16. Nf4 Qc4
17. Qb1 Bg4 18. b3 Qb4 19. Bb2 Rfe8 20. Qc2 Qb6 21. Kh1 Nh5
22. Nd3 Nhf6 23. Nd2 Nf8 24. Nc4 Qc7 25. Ne3 Qc8 26. Qf2 Bh5
27. Nf4 Ng4 28. Nxg4 Bxg4 29. d5 f6 30. h3 Bd7 31. e5 fxe5
32. Nh5 Bf6 33. Nxf6+ gxf6 34. Qxf6 Bxh3 35. Bxe5 Rxe5
36. Qxe5 Ng6 37. Qf6 Rf8 38. Qg5 Rxf1+ 39. Rxf1 Bxg2+ 40. Kxg2
Qe8 41. d6 Qe4+ 42. Rf3 1-0

[Event "Chess Olympiad"]
[Site "Tromso NOR"]
[Date "2014.08.05"]
[EventDate "2014.08.02"]
[Round "4.4"]
[Result "1/2-1/2"]
[White "Ding Liren"]
[Black "Alexander Grischuk"]
[WhiteElo "2742"]
[BlackElo "2795"]
[PlyCount "153"]

1. d4 Nf6 2. c4 g6 3. g3 c6 4. Nf3 d5 5. cxd5 cxd5 6. Bg2 Bg7
7. Ne5 Ne4 8. Nd2 Nd7 9. Nxe4 dxe4 10. O-O O-O 11. Bf4 Nf6
12. e3 Be6 13. Qe2 Rc8 14. Rfc1 Rxc1+ 15. Rxc1 Bxa2 16. Nc4
Qc8 17. Qc2 Bxc4 18. Qxc4 Qf5 19. Qc5 Nd5 20. Qxa7 Nxf4
21. gxf4 Qb5 22. Qa3 Bf6 23. Bxe4 Kg7 24. Kg2 Rd8 25. Rc5 Qd7
26. h3 b6 27. Rc6 Qb7 28. Qb3 Qd7 29. Qxb6 Rc8 30. b4 Rxc6
31. Qxc6 Qxc6 32. Bxc6 e6 33. b5 Bd8 34. d5 Bc7 35. dxe6 fxe6
36. Kf3 Kf6 37. Ke4 Bb6 38. Kd3 Kf7 39. Bf3 Kf6 40. Bg4 Kf7
41. Bf3 Kf6 42. Be4 Kf7 43. Bb7 Kf6 44. Kc4 Ke7 45. Bf3 Kf7
46. Kb4 Kf6 47. Be2 Kf7 48. Kc4 Kf6 49. Bd1 Ba7 50. Bf3 Bb6
51. Be2 Ba7 52. h4 h5 53. Bd3 Bb6 54. Kb4 Kf7 55. Bf1 Ke7
56. Bg2 Kf7 57. Bh3 Ke7 58. Bf1 Kf7 59. Bd3 Kg7 60. Be4 Kf6
61. Bc2 Kf7 62. Kc4 Kf6 63. Bd3 Kf7 64. Be2 Kf6 65. Bd1 Ba7
66. Kd3 Bb6 67. f3 Kf7 68. Bc2 Kf6 69. Bb3 Ke7 70. Bc2 Kf6
71. Bb1 Kf7 72. Ba2 Ke7 73. Bc4 Bc7 74. Ke2 Kf6 75. Bd3 Kf7
76. Bc2 Kf6 77. Kd3 1/2-1/2

[Event "Chess Olympiad"]
[Site "Tromso NOR"]
[Date "2014.08.06"]
[EventDate "2014.08.02"]
[Round "5.4"]
[Result "1/2-1/2"]
[White "Erwin L'Ami"]
[Black "Ding Liren"]
[WhiteElo "2631"]
[BlackElo "2742"]
[PlyCount "62"]

1. d4 Nf6 2. c4 e6 3. Nf3 d5 4. Nc3 c6 5. e3 Nbd7 6. Bd3 dxc4
7. Bxc4 b5 8. Bd3 a6 9. O-O Bb7 10. a4 b4 11. Ne4 c5 12. Nxf6+
Qxf6 13. b3 cxd4 14. Bb2 Bxf3 15. gxf3 Bc5 16. f4 O-O 17. Rc1
Rfd8 18. Be4 Ra7 19. Qf3 e5 20. Rfd1 Qe7 21. fxe5 Nxe5 22. Qg3
Ng6 23. Bxg6 hxg6 24. Bxd4 Bxd4 25. Rxd4 Rad7 26. Qh4 Qxh4
27. Rxh4 a5 28. Rc5 Rd5 29. Rhc4 Rxc5 30. Rxc5 Rd3 31. Rxa5
Rxb3 1/2-1/2

[Event "Chess Olympiad"]
[Site "Tromso NOR"]
[Date "2014.08.08"]
[EventDate "2014.08.02"]
[Round "6.8"]
[Result "0-1"]
[White "Mohamed Ezat"]
[Black "Ding Liren"]
[WhiteElo "2466"]
[BlackElo "2742"]
[PlyCount "120"]

1. d4 Nf6 2. c4 g6 3. Nc3 Bg7 4. e4 d6 5. Be2 O-O 6. Nf3 e5
7. O-O Na6 8. Be3 c6 9. Rb1 exd4 10. Nxd4 Re8 11. b4 Nc7
12. Bf3 h5 13. Bg5 Be6 14. Be2 Qc8 15. b5 c5 16. Nc2 Nd7
17. Qd2 Nb6 18. Nd5 Bxd5 19. exd5 a6 20. bxa6 Rxa6 21. a3 Na4
22. Rb3 Rb6 23. Rxb6 Nxb6 24. h3 Na4 25. Bd3 Bc3 26. Qf4 Nb2
27. Qf3 Be5 28. Rb1 Na8 29. Bc1 Na4 30. Bg5 N8b6 31. g4 hxg4
32. hxg4 Nb2 33. Ne3 Qa8 34. Nf5 gxf5 35. Rxb2 Bxb2 36. Qxf5
Bg7 37. Bf4 Qd8 38. Bg5 Qd7 39. Qh7+ Kf8 40. Bf5 Qc7 41. Kf1
Nxc4 42. Bh6 Bxh6 43. Qxh6+ Ke7 44. Qh4+ f6 45. g5 Nd2+
46. Ke2 Kd8+ 47. Be6 fxg5 48. Qxg5+ Qe7 49. Qxd2 Kc7 50. Qh6
Rf8 51. a4 Qf6 52. Qh7+ Kb8 53. Qh2 Qf4 54. Qg3 c4 55. a5 c3
56. Qxf4 Rxf4 57. Kd3 Rf3+ 58. Kc2 Ka7 59. Bg4 Rxf2+ 60. Kxc3
Ka6 0-1

[Event "Chess Olympiad"]
[Site "Tromso NOR"]
[Date "2014.08.09"]
[EventDate "2014.08.02"]
[Round "7.4"]
[Result "0-1"]
[White "Milos Perunovic"]
[Black "Ding Liren"]
[WhiteElo "2602"]
[BlackElo "2742"]
[PlyCount "52"]

1. e4 c6 2. d4 d5 3. e5 Bf5 4. Nd2 e6 5. Nb3 Nd7 6. Nf3 Ne7
7. Be2 Bg4 8. O-O Nf5 9. h3 Bxf3 10. Bxf3 g6 11. Re1 h5
12. Be2 f6 13. exf6 Qxf6 14. c4 O-O-O 15. cxd5 exd5 16. Bf4
Bb4 17. Bd2 Bd6 18. Rc1 Rhf8 19. Rf1 Nxd4 20. Nxd4 Qxd4
21. Be3 Qe5 22. g3 Kb8 23. h4 Rde8 24. Bd3 Qe6 25. Re1 Qf6
26. Qa4 Rxe3 0-1

[Event "Chess Olympiad"]
[Site "Tromso NOR"]
[Date "2014.08.10"]
[EventDate "2014.08.02"]
[Round "8.1"]
[Result "1/2-1/2"]
[White "Teimour Radjabov"]
[Black "Ding Liren"]
[WhiteElo "2724"]
[BlackElo "2742"]
[PlyCount "60"]

1. e4 c6 2. d4 d5 3. e5 Bf5 4. Nf3 e6 5. Be2 c5 6. Be3 cxd4
7. Nxd4 Ne7 8. O-O a6 9. c4 Nbc6 10. cxd5 Nxd5 11. Nxc6 bxc6
12. Qa4 Qd7 13. Rd1 Qb7 14. Bf3 Be7 15. Bxd5 exd5 16. Nd2 O-O
17. Nb3 Bc2 18. Rdc1 Bxb3 19. axb3 Rfc8 20. Bc5 h6 21. Bxe7
Qxe7 22. Rxc6 Qxe5 23. Rxc8+ Rxc8 24. Qxa6 Rb8 25. Qd3 Qxb2
26. Rb1 Qe5 27. g3 Qd6 28. Rd1 d4 29. Qxd4 Qxd4 30. Rxd4 Rxb3
1/2-1/2

[Event "Chess Olympiad"]
[Site "Tromso NOR"]
[Date "2014.08.11"]
[EventDate "2014.08.02"]
[Round "9.1"]
[Result "1/2-1/2"]
[White "Ruslan Ponomariov"]
[Black "Ding Liren"]
[WhiteElo "2717"]
[BlackElo "2742"]
[PlyCount "61"]

1. e4 c6 2. d4 d5 3. e5 Bf5 4. Nf3 e6 5. Be2 Ne7 6. O-O c5
7. c4 Nbc6 8. Na3 Be4 9. dxc5 Nf5 10. Bg5 Be7 11. Bxe7 Qxe7
12. cxd5 Bxd5 13. Nb5 Bxf3 14. Bxf3 Nxe5 15. Rc1 Nxf3+
16. Qxf3 O-O 17. Rfd1 Rfd8 18. Nd6 Nxd6 19. cxd6 Rxd6 20. Rxd6
Qxd6 21. Qxb7 Rd8 22. g3 a5 23. Rc7 Qf8 24. Qa6 Ra8 25. Ra7
Rxa7 26. Qxa7 Qd8 27. a3 Qd1+ 28. Kg2 Qd5+ 29. Kg1 Qd1+
30. Kg2 Qd5+ 31. Kg1 1/2-1/2

[Event "Chess Olympiad"]
[Site "Tromso NOR"]
[Date "2014.08.12"]
[EventDate "2014.08.02"]
[Round "10.1"]
[Result "1/2-1/2"]
[White "Ding Liren"]
[Black "Etienne Bacrot"]
[WhiteElo "2742"]
[BlackElo "2720"]
[PlyCount "64"]

1. d4 Nf6 2. c4 g6 3. g3 Bg7 4. Bg2 O-O 5. Nc3 c5 6. d5 d6
7. Nf3 e6 8. O-O exd5 9. cxd5 Re8 10. Bf4 Ne4 11. Nxe4 Rxe4
12. Nd2 Rxf4 13. gxf4 Bxb2 14. Rb1 Bg7 15. e4 Nd7 16. Re1 Bh6
17. e5 Bxf4 18. e6 Ne5 19. Re4 Qf6 20. e7 Bg4 21. Qa4 Bxd2
22. e8=Q+ Rxe8 23. Qxe8+ Kg7 24. Rxb7 c4 25. f4 Bxf4 26. Rb8
Kh6 27. Qd8 Qf5 28. h3 Bh5 29. Qc8 Qf6 30. Qd8 Qf5 31. Qc8 Qf6
32. Qd8 Qf5 1/2-1/2

[Event "Qatar Masters"]
[Site "Doha QAT"]
[Date "2014.11.26"]
[EventDate "2014.11.26"]
[Round "1.5"]
[Result "1-0"]
[White "Ding Liren"]
[Black "Mohamad Naser Al Sayed"]
[WhiteElo "2730"]
[BlackElo "2507"]
[PlyCount "69"]

1. d4 Nf6 2. c4 g6 3. Nc3 Bg7 4. e4 d6 5. Nf3 O-O 6. h3 e5
7. d5 a5 8. g4 Na6 9. Be3 Nc5 10. Nd2 c6 11. Be2 a4 12. g5 Ne8
13. h4 f5 14. f3 Qb6 15. Qc2 a3 16. b3 Qa5 17. h5 Nc7 18. h6
Bh8 19. b4 Qxb4 20. Rb1 Qa5 21. Nb3 Nxb3 22. Qxb3 c5 23. Bd2
Na6 24. Qb6 Nb4 25. Qxa5 Rxa5 26. Nb5 Rxb5 27. cxb5 Nc2+
28. Kd1 Nd4 29. Rf1 fxe4 30. fxe4 Rxf1+ 31. Bxf1 Bg4+ 32. Kc1
Bf3 33. Bd3 c4 34. Bxc4 Bxe4 35. Rb4 1-0

[Event "Qatar Masters"]
[Site "Doha QAT"]
[Date "2014.11.27"]
[EventDate "2014.11.26"]
[Round "2.4"]
[Result "1-0"]
[White "Robin van Kampen"]
[Black "Ding Liren"]
[WhiteElo "2612"]
[BlackElo "2730"]
[PlyCount "77"]

1. e4 e5 2. Nf3 Nc6 3. Bb5 a6 4. Ba4 Nf6 5. O-O Be7 6. Re1 b5
7. Bb3 d6 8. c3 O-O 9. h3 Re8 10. d4 Bb7 11. Nbd2 Bf8 12. d5
Nb8 13. Nf1 Nbd7 14. N3h2 c6 15. dxc6 Bxc6 16. Bg5 Qc7 17. Qf3
a5 18. Bxf6 Nxf6 19. Ng4 Nxg4 20. hxg4 a4 21. Bc2 Re6 22. Rad1
a3 23. b4 Bd7 24. Rd3 Rf6 25. Qd1 Be6 26. Bb3 Qa7 27. Ne3 g6
28. Qe2 Bxb3 29. axb3 a2 30. Ra1 Bh6 31. Nd5 Re6 32. Rdd1 Bg5
33. Qxb5 Ree8 34. Qe2 Kg7 35. b5 Reb8 36. Nb4 Qc5 37. Na6 Qxb5
38. Qxb5 Rxb5 39. Nc7 1-0

[Event "Qatar Masters"]
[Site "Doha QAT"]
[Date "2014.11.28"]
[EventDate "2014.11.26"]
[Round "3.29"]
[Result "1-0"]
[White "Ding Liren"]
[Black "Pavel Potapov"]
[WhiteElo "2730"]
[BlackElo "2479"]
[PlyCount "91"]

1. d4 f5 2. g3 Nf6 3. Bg2 g6 4. Nf3 Bg7 5. O-O O-O 6. c4 d6
7. Nc3 c6 8. Rb1 Qc7 9. d5 Na6 10. Nd4 Bd7 11. dxc6 bxc6
12. b4 e5 13. Nc2 Rad8 14. Bb2 e4 15. Qc1 Be6 16. Nd4 Bf7
17. b5 Nb8 18. a4 c5 19. Nb3 Nbd7 20. Nd2 Ne5 21. Qc2 Bh6
22. e3 Bg7 23. Ne2 g5 24. Bxe5 dxe5 25. Nc3 Rd7 26. Rfc1 Rfd8
27. Nd5 Nxd5 28. cxd5 Bxd5 29. Bf1 f4 30. Bc4 Kh8 31. Bxd5
Rxd5 32. Nxe4 Qe7 33. a5 g4 34. b6 axb6 35. axb6 fxe3 36. fxe3
Bh6 37. Rb3 Qb7 38. Nxc5 Rxc5 39. Qxc5 Qf3 40. Qc3 Rf8 41. Qe1
Qd5 42. Rcb1 Rb8 43. e4 Qd4+ 44. Kg2 Rc8 45. b7 Rb8 46. Qe2
1-0